Countries Bordering Great Lakes - Statistics

General Stats
  • This quiz has been taken 25 times
  • The average score is 6 of 7
Answer Stats
Countries Lake % Correct
United States Erie | Ontario | Huron | Superior | Michigan
100%
Kazakhstan Caspian
95%
Uganda Victoria
95%
Malawi Malawi
90%
Bolivia Titicaca
86%
Burundi Tanganyika
76%
Kenya Turkana
24%
No matching quizzes found
Score Distribution
Percent of People with Each Score
Percentile by Number Answered
Your Score History
You have not taken this quiz